01893nam a2200301 i 4500003000900000005001700009007000300026008004100029020001800070040003000088041000800118082002400126100005100150245006300201250002300264264007100287300002900358336002700387337003400414338002800448490002900476500006400505500005800569505084600627650003001473650003201503700005601535DO-SdBNP20260505130852.0ta260226b2025 dr ||||| |||| 00| 0 spa d a9789945224450 aDO-SdBNPbspacBNPHUerda aspa 4aRD861.44bM516j2221 aMejía Corcino, Roberto Antonio,dautor4aut.10aJugando a la poesía / cRoberto Antonio Mejía Corcino. aPrimera edición  4aSanto Domingo, República Dominicana :bEditora Búho, c©2025. a143 páginas ;c23 cm.  atextobtxt2rdacontent asin mediación bn2rdamedia avolumenbnc2rdacarrier0 aColección de Décimas a"Las palabras se vuelven juego y el alma suspira en versos" aIncluye datos biográficos del autor en las solapas  aI. Amo la poesía, 13 -- II. Es la hembra la que pica, 19 -- III. Sobre los mangos de Alix, 25 – IV. Cuando viene la tormenta, 31 -- V. Solo juego a la poesía, 36 -- VI. El maestro jubilado, 42 -- VII. El pueblo dominicano, 47 -- VIII. La décima se compone, 52 -- IX. Más y menos, 58 -- X. A quién pueda interesar, 64 --XI. Bálsamo para el dolor, 69 -- XII. Nadie sabe la respuesta, 74 XIII. Educación de calidad, 80 – XIV. El oficio de vivir, 86 – XV. Eso que importancia tienes, 91 – XVI. Algo para entretenerse, 96 – XVII. Qué es lo que está pasando, 100 -- XVIII. Un ratón escurridizo, 105 -- XIX. Dicen de los animales, 110 -- XX. ¡Caramba si usted supiera!, 115 -- XXI. Vamos a filosofar, 121 -- XXII. Los sabios de Calderón, 126 -- XXIII. Con una sorpresa dentro, 132 -- XXIV. Y ya para terminar, 137 7aPoesía dominicana2LEMB 7aLiteratura dominicana2LEMB1 aMejía Corcino, Roberto Antonio,eprologuista4pr.